00819nam a22002297a 450000500170000001000150001702000280003203500140006003700130007408200160008710000280010324500500013125000310018126000310021227000840024330000290032750000200035670000240037694200300040099900190043095201400044920170726111031.0 aENG-119401 c2495.00 a9789351438748 aEN-102933 bDBAD/PUB a340.0917645 aMulla, Dinshaw Fardunji aMulla Hindu law /cby Dinshaw Fardunji Mulla  a22nd ed Satyajeet A. Desai aGurgoanbLexisNexis c2016 bGurgoane122002a14th Floor, Building No. 10, Tower-B, DLF Cyber City, Phase-II accIxiii,1493p.c25cm(Hb) aIncludes index  aDesai, Satyajeet A. 2ddccENmMULh340.0917645 c142851d142851 001040718REFaLbLd2017-07-26eDBAD/PUBg2495.00l1m2o340.0917645 MULpEN-102933r2022-11-05 00:00:00s2022-06-23t1v2495.00yEN